000 00336nam a2200145Ia 4500
008 230718s9999 xx 000 0 und d
041 _aEng.
082 _a346.038
_bEVA-L
100 _aEvans, Nugh
245 0 _aLacoger's liabilities
260 _aPakistan
_bLondon and Maxwell
_c2002
300 _a336
650 _aLaw
999 _c26218
_d26218